| 000 | 00630cam a2200241 4500 | ||
|---|---|---|---|
| 008 | 000000n2001 000 0 eng u | ||
| 020 | _a2930119268 | ||
| 035 | _a(Sirsi) u112930 | ||
| 050 | _a382.9142 | ||
| 100 |
_aMoussis, Nicholas _xeditor |
||
| 245 | _aAccess to European Union : law, economics, policies. | ||
| 250 | _a10th ed. | ||
| 260 |
_aRixensart _bEuropean Study Service _c2001 |
||
| 300 | _axii,646p. ; 25cm. | ||
| 350 | _a36.00 | ||
| 650 | _aEUROPEAN UNION | ||
| 650 | _aEU LAW | ||
| 650 | _aEU POLICY | ||
| 650 | _aEUROPEAN INSTITUTIONS | ||
| 650 | _aEUROPEAN LAW | ||
| 690 | _aEUROPE | ||
| 942 | _n0 | ||
| 999 |
_c101481 _d101481 |
||